000 00388nam a22001457a 4500
008 250620b |||||||| |||| 00| 0 eng d
020 _a9780443141126
050 _aQP517
_b.M33
100 _aMaddela Raju Naga
245 _aMicrobial biotechnology for bioenergy
260 _aCambridge
_bElsevier
_c2024
300 _axvi, 469p.
_bill
650 _abioelectric energy sources
942 _cBK
999 _c3908
_d3908